|
|
|
|
| LEADER |
000000sc a2200000 a 4500 |
| 001 |
58316 |
| 003 |
Ucuenca |
| 005 |
20231024175459.0 |
| 008 |
976041|1973 sp |||||r|||||||||||spa|| |
| 020 |
|
|
|a 84 322 0244 4
|
| 040 |
|
|
|b spa
|
| 041 |
0 |
|
|a es
|
| 082 |
0 |
|
|a 832.9
|
| 100 |
1 |
|
|a Dort, Bernard
|d 1929-1994
|9 212237
|
| 245 |
|
|
|a Lectura de Brecht
|c Bernard Dort, traductor Juan Viñoly
|h imp
|
| 246 |
|
1 |
|a Lectur de Brecht
|
| 264 |
|
|
|a Barcelona
|b Seix Barral
|c 1973
|
| 300 |
|
|
|a 279 páginas:
|c 19 cm
|
| 490 |
|
|
|a Biblioteca Breve
|n no. 344
|p ensayo
|
| 505 |
1 |
|
|a Imágenes -- Lectura -- Imágenes de un combate -- La comedia burguesa -- Ejercicios didácticos -- El rojo y el negro -- El exilio y la distancia -- Historia y utopía -- Pedagogía y forma épica.
|
| 650 |
|
0 |
|a Brecht bertolt
|9 6792
|
| 650 |
|
4 |
|a Teatro alemán
|9 5694
|
| 852 |
|
|
|a UC-CDJBV
|f Compra
|k npena
|l 1
|m General
|p 19760419
|q 90,00
|r 8
|t 58316
|b 0
|d CDRC
|e CDRC
|g 832.904 B898D TERCER PISO
|z 1976-60-41
|
| 942 |
|
|
|c CR
|2 ddc
|r paola.amaya@ucuenca.edu.ec
|
| 999 |
|
|
|c 117590
|d 117590
|